Länder mit Diphthongen (Zweifachlaute) - Statistiken

Allgemein
  • Dieses Quiz wurde 49 mal gespielt
    44 seit der letzten Aktualisierung
  • Das Durchschnittsergebnis liegt bei 13 aus 31
Antwortstatistiken
Antwort % Korrekt
Australien
76%
Österreich
64%
Brunei
61%
Deutschland
58%
Thailand
58%
Vereinigte Staaten
58%
Frankreich
52%
Neuseeland
52%
Palau
52%
Schweiz
52%
Vereinigte Arabische Emirate
52%
Mauretanien
48%
Vereinigtes Königreich
48%
Slowakei
45%
Türkei
45%
Liechtenstein
42%
Aserbaidschan
39%
Papua-Neuguinea
39%
Saudi-Arabien
33%
Taiwan
33%
Bahrain
30%
Guinea-Bissau
30%
Mauritius
30%
Mongolei
30%
Nauru
30%
Ukraine
27%
Elfenbeinküste
21%
Jamaika
21%
Kuwait
21%
Litauen
21%
Moldau
6%
Keine übereinstimmenden Quizze gefunden
Verteilung der Resultate
Anzahl Personen mit jedem Resultat
Perzentil nach korrekt beantworteten Fragen
Ihre Resultats-Entwicklung
Sie haben dieses Quiz seit der letzten Aktualisierung nicht gespielt